| 000 | 01622nam a2200337 c 4500 | ||
|---|---|---|---|
| 999 |
_c154465 _d154465 |
||
| 003 | BLK | ||
| 005 | 20250124092941.0 | ||
| 008 | 180410b bul|||||r ||||||| ||bul|| | ||
| 010 | _aKNG00161089000 | ||
| 040 | _aBLK | ||
| 041 |
_aBUL _cBUL |
||
| 072 | 7 |
_2bullib _aС _xСтаропечатен фонд |
|
| 080 |
_aБългарска литература _b821.163.2 _x-32 _z821.163.2-32 |
||
| 100 |
_aБлъсков, Илия Рашков _d1839-1913 _gБелетрист, учител, книжовник, събирач на народно творчество, издател. Преводач от руски език. _eпърви автор _9411081 |
||
| 139 |
_aБлъсков, Илия Рашков _bБ 51 |
||
| 245 | 1 | 0 |
_aЗлочеста Кръстинка _bПовест народно-българска _cИлия Рашков Блъсков. |
| 257 | _aBGR | ||
| 260 |
_aРусчук _bкниж. на бр. Блъскови _c1870 _fРусчюк : В книгопеч. на Дунавската обл. |
||
| 300 |
_a228 с. _c20 см |
||
| 380 | _aX | ||
| 500 | _aКн. с инв. № 61831, 900000000051 е от фонда на М. Арнаудов и е заведена със сигн. МА 1886, но се съхранява в Старопечатен фонд | ||
| 659 | _aС | ||
| 852 | _aЦб Ст 339 * 1195 | ||
| 856 | 4 |
_qpdf _i0.00 _ldisable |
|
| 856 | 4 |
_qpdf _i0.00 _ldisable |
|
| 942 |
_cKNG _n0 _s1 _01 |
||
| 944 |
_aCR _c22.05.2014 _k30558 _lВаля Йорданова |
||
| 944 |
_aED _c30.03.2018 _kРенета_Константинова |
||
| 999 | _d154465 | ||
| 999 | _d154465 | ||